Sports Quiz

Random Sports or Europe Quiz

Top 25 Europe's Biggest Stadiums Quiz Stats

 Plays Quiz not verified by Sporcle

Also try: NASCAR Champions
Challenge
Share
Tweet
Embed
Score 0/25 Timer 10:00
0 Plays Today
capacity stadium % Correct
99,354Camp Nou
87.4%
75,957Old Trafford
68.9%
90,000Wembley Stadium
68%
80,065San Siro
62.1%
81,338Stade de France
52.4%
82,000Twickenham Stadium
43.7%
82,300Croke Park
40.8%
80,354Bernabeu
40.8%
60,355Emirates Stadium
37.9%
72,698Stadio Olimpico
32%
74,228Olympiastadion
29.1%
74,500Millennium Stadium
24.3%
60,832Celtic Park
23.3%
capacity stadium % Correct
67,800Murrayfield
22.3%
81,264Signal Iduna Park
21.4%
78,360Luzhniki Stadium
19.4%
65,647Estadio da Luz
13.6%
71,030Athens Olympic Stadium
9.7%
61,482Veltins-Arena
8.7%
60,240Stadio San Paolo
6.8%
75,145Ataturk Olympic Stadium
5.8%
69,901Allianz Area
5.8%
60,031Stade Velodrome
4.9%
58,248Stadio San Nicola
4.9%
69,250Munich Olympiastadion
1.9%

You're not logged in!

Compare scores with friends on all Sporcle quizzes.
Join for Free
OR
Log In

You Might Also Like...

Show Comments

Extras

Top Quizzes Today


Score Distribution

Your Account Isn't Verified!

In order to create a playlist on Sporcle, you need to verify the email address you used during registration. Go to your Sporcle Settings to finish the process.

Report this User

Report this user for behavior that violates our Community Guidelines.

Details: